Nutrivore : la ciencia revolucionaria para una alimentación completa y equilibrada /

Bibliographic Details
Main Author: Ballantyne, Sarah (Author)
Other Authors: Trabal, Betty (Translator)
Format: Electronic eBook
Language:Spanish
English
Published: Barcelona, España : Editorial Reverté, [2025]
Subjects:
Online Access:Digitalia Hispánica

MARC

LEADER 00000nam a2200000Ii 4500
001 DIGREVMGM0099
003 NyNyDIG
006 m o d
007 cr |||||||||||
008 250909s2025 sp a o 001 0 spa d
035 |a (OCoLC)1519641336 
040 |a DGITA  |b eng  |e rda  |e pn  |c DGITA 
020 |a 9788429198829  |q pdf 
020 |a 9788429198812  |q ePub 
020 |z 9788410121232  |q papel 
041 1 |a spa  |h eng 
050 1 4 |a RA784 ebook 
100 1 |a Ballantyne, Sarah,  |e author. 
240 1 0 |a Nutrivore.  |l Spanish  |s (Trabal) 
245 1 0 |a Nutrivore :  |b la ciencia revolucionaria para una alimentación completa y equilibrada /  |c Sarah Ballantyne ; traducción, Betty Trabal. 
264 1 |a Barcelona, España :  |b Editorial Reverté,  |c [2025] 
300 |a 1 online resource :  |b illustrations. 
336 |a text  |b txt  |2 rdacontent 
337 |a computer  |b c  |2 rdamedia 
338 |a online resource  |b cr  |2 rdacarrier 
347 |a text file  |2 rdaft 
347 |b PDF 
347 |b EPUB 
500 |a "REM Life" --Cover. 
504 |a Includes index. 
500 |a "Una guía fácil y completa para disfrutar de una salud óptima a través de la alimentación"--Cover. 
588 0 |a Online resource; title from PDF title page (Digitalia, viewed September 9, 2025) 
650 0 |a Reducing diets. 
650 0 |a Health promotion. 
650 0 |a Nutrition. 
650 0 |a Vitamins. 
650 0 |a Food  |x Composition. 
650 0 |a Weight loss. 
700 1 |a Trabal, Betty,  |e translator. 
700 1 |i Translation of:  |a Ballantyne, Sarah.  |t Nutrivore. 
791 2 |a Digitalia (Firm),  |e distributor. 
793 0 |g Digitalia eBook Collection:  |a Reverté Management 
776 0 8 |i Print version:  |a Ballantyne, Sarah.  |s Nutrivore. Spanish (Trabal).  |t Nutrivore.  |d Barcelona, España : Editorial Reverté, [2025]  |z 9788410121232 
856 4 0 |3 Digitalia Hispánica  |u https://www.digitaliapublishing.com/a/174860/ 
910 |a Premium collection: 2025